000 00357nam a22001697a 4500
003 SGT
005 20260527151719.0
020 _a9780997316025
082 _a004,FIL
100 _aFILHO, W.F.
245 _aCOMPUTER SCIENCE DISTILLED
250 _a1st
260 _aCODE ENERGY
_c2023
300 _a172
650 _aCOMPUTER SCIENCE
942 _2ddc
_cBK
999 _c33357
_d33357